Inductors and Transformers for Power Electronics / (Record no. 176956)
[ view plain ]
| 000 -LEADER | |
|---|---|
| fixed length control field | 01169 a2200217 4500 |
| 003 - CONTROL NUMBER IDENTIFIER | |
| control field | Nust |
| 005 - DATE AND TIME OF LATEST TRANSACTION | |
| control field | 20220803104037.0 |
| 010 ## - LIBRARY OF CONGRESS CONTROL NUMBER | |
| LC control number | 2004061860 |
| 020 ## - INTERNATIONAL STANDARD BOOK NUMBER | |
| International Standard Book Number | 1574446797 |
| 040 ## - CATALOGING SOURCE | |
| Transcribing agency | Nust |
| 082 00 - DEWEY DECIMAL CLASSIFICATION NUMBER | |
| Classification number | 621.317,BOS |
| 100 1# - MAIN ENTRY--PERSONAL NAME | |
| Personal name | Bossche, Alex van den. |
| 9 (RLIN) | 96381 |
| 245 10 - TITLE STATEMENT | |
| Title | Inductors and Transformers for Power Electronics / |
| Statement of responsibility, etc. | Alex van den Bossche, Vencislav Cekov Valchev. |
| 260 ## - PUBLICATION, DISTRIBUTION, ETC. | |
| Place of publication, distribution, etc. | Boca Raton : |
| Name of publisher, distributor, etc. | Taylor & Francis, |
| Date of publication, distribution, etc. | 2005. |
| 300 ## - PHYSICAL DESCRIPTION | |
| Extent | xxx, 447 p. : |
| Other physical details | ill. ; |
| Dimensions | 25 cm. |
| 505 ## - FORMATTED CONTENTS NOTE | |
| Formatted contents note | Fundamentals of Magnetic Theory (Page-1), Fast Design Approach Including Eddy Current Losses (Page-31), Soft Magnetic Materials (Page-97), Coil Winding and Electrical Insulation (Page-139), Eddy Currents in Conductors (Page-163), Thermal Aspects (Page-253), Parasitic Capacitances in Magnetic Components (Page-239), inductor Design (Page-301),Transformer Design (Page-349), Optimal Copper/Core loss Ratio in Magnetic Components (Page-367), Measurements (Page-381). |
| 650 #0 - SUBJECT ADDED ENTRY--TOPICAL TERM | |
| Topical term or geographic name entry element | Telecommunication Engineering. |
| 700 1# - ADDED ENTRY--PERSONAL NAME | |
| Personal name | Valchev, Vencislav. |
| 9 (RLIN) | 96382 |
| 856 42 - ELECTRONIC LOCATION AND ACCESS | |
| Materials specified | Publisher description |
| Uniform Resource Identifier | <a href="http://www.loc.gov/catdir/enhancements/fy0648/2004061860-d.html">http://www.loc.gov/catdir/enhancements/fy0648/2004061860-d.html</a> |
| 942 ## - ADDED ENTRY ELEMENTS (KOHA) | |
| Koha item type | Reference |
| Source of classification or shelving scheme | |
| Withdrawn status | Lost status | Source of classification or shelving scheme | Damaged status | Not for loan | Permanent Location | Current Location | Shelving location | Date acquired | Full call number | Barcode | Date last seen | Price effective from | Koha item type | Public note |
|---|---|---|---|---|---|---|---|---|---|---|---|---|---|---|
| Military College of Signals (MCS) | Military College of Signals (MCS) | Reference | 12/12/2016 | 621.317,BOS | MCS31498 | 12/08/2016 | 12/12/2016 | Reference | Almirah No.20, Shelf No.3 |
